God's incomparable word / (Record no. 7325)

MARC details
000 -LEADER
fixed length control field 00738cam a2200241 i 4500
001 - CONTROL NUMBER
control field 2723373
003 - CONTROL NUMBER IDENTIFIER
control field GBCCL
005 - DATE AND TIME OF LATEST TRANSACTION
control field 20241126110625.0
008 - FIXED-LENGTH DATA ELEMENTS--GENERAL INFORMATION
fixed length control field 780511s1977 mnu 000 0 eng
010 ## -
-- 77092347
020 ## - INTERNATIONAL STANDARD BOOK NUMBER
International Standard Book Number 0890660669 :
Terms of availability $2.25
040 ## - CATALOGING SOURCE
Original cataloging agency DLC
Transcribing agency DLC
Modifying agency DLC
050 00 -
-- BS480
-- .L56
082 00 - DEWEY DECIMAL CLASSIFICATION NUMBER
Classification number 220.1
Item number LIN
100 1# - MAIN ENTRY--PERSONAL NAME
Personal name Lindsell, Harold,
Dates associated with a name 1913-1998.
9 (RLIN) 228
245 10 - TITLE STATEMENT
Title God's incomparable word /
Statement of responsibility, etc. Harold Lindsell.
260 ## - PUBLICATION, DISTRIBUTION, ETC.
Place of publication, distribution, etc. Minneapolis :
Name of publisher, distributor, etc. World Wide Publications,
Date of publication, distribution, etc. c1977.
300 ## - PHYSICAL DESCRIPTION
Extent 117 p. ;
Dimensions 21 cm.
505 ## - FORMATTED CONTENTS NOTE
Formatted contents note Other title: More than a carpenter by Josh Mcdowell
630 #0 - SUBJECT ADDED ENTRY--UNIFORM TITLE
Uniform title Bible
General subdivision Evidences, authority, etc.
9 (RLIN) 351
906 ## - LOCAL DATA ELEMENT F, LDF (RLIN)
a 7
b cbc
c orignew
d 2
e opcn
f 19
g y-gencatlg
942 ## - ADDED ENTRY ELEMENTS (KOHA)
Source of classification or shelving scheme Dewey Decimal Classification
Koha item type Books
Koha issues (borrowed), all copies 7
Holdings
Withdrawn status Lost status Source of classification or shelving scheme Damaged status Not for loan Home library Current Library Shelving location Date acquired Total checkouts Full call number Barcode Date last seen Date last checked out Copy number Price effective from Koha item type
    Dewey Decimal Classification     GRACE BIBLE COLLEGE GRACE BIBLE COLLEGE Biblical Studies 2018-07-30 2 220.1 LIN 001534 2025-05-01 2023-07-25 c.1 2018-07-30 Books
    Dewey Decimal Classification     GRACE BIBLE COLLEGE GRACE BIBLE COLLEGE Biblical Studies 2018-07-30 1 220.1 LIN 001535 2025-05-01 2018-09-20 c.2 2018-07-30 Books
    Dewey Decimal Classification     GRACE BIBLE COLLEGE GRACE BIBLE COLLEGE Biblical Studies 2018-08-01 1 220.1 LIN 001639 2025-05-01 2022-07-26 c.3 2018-08-01 Books
    Dewey Decimal Classification     GRACE BIBLE COLLEGE GRACE BIBLE COLLEGE Biblical Studies 2018-08-01   220.1 LIN 001710 2025-05-01   c.4 2018-08-01 Books
    Dewey Decimal Classification     GRACE BIBLE COLLEGE GRACE BIBLE COLLEGE Biblical Studies 2018-08-01   220.1 LIN 001711 2025-05-01   c.5 2018-08-01 Books
    Dewey Decimal Classification     GRACE BIBLE COLLEGE GRACE BIBLE COLLEGE Biblical Studies 2018-08-01 2 220.1 LIN 001717 2025-05-01 2024-01-22 c.6 2018-08-01 Books
    Dewey Decimal Classification     GRACE BIBLE COLLEGE GRACE BIBLE COLLEGE Biblical Studies 2018-11-09 1 220.1 LIN 003109 2025-05-01 2023-07-28 c.7 2018-11-09 Books
© Grace Bible College Library 2025